000 00433nam a2200169Ia 4500
008 180921t2015 xxu||||| |||| 00| 0 sin d
041 _asin
080 _a8C3
_b(Youth) JAY
245 _aඔඩිසි
246 _aThe Odyssey
260 _bPlatform For Alternate Culture
_aNugegoda
_c2015
300 _a122p, 18cm
700 _aH.D.Jayasooriya
_etr.
942 _cBK
999 _c10826
_d10826
003 LK-CoDNM
040 _aLK-CoDNM
_dLK-CoDNM
_eLK-CoDNM